{"text_format":"3","workbook":"xlsx","n_sheets":1,"sheets":["Sheet1"],"not_rendered":{"defined_names":1},"read":"whole","date_system":"1900"}

{"sheet":"Sheet1","index":0,"n_rows":12,"n_cols":7,"rows_kept":12,"merged":[[0,0,0,6]]}
["心外科手术器械"]
["注册证产品名称","型号","单位","规格","数量","单价（元）","金额（元）"]
["组织剪","手术剪 22cm 管式 弯H7/07H004","把","1x1",2,{"v":37250,"d":"37,250.00"},{"$f":"F3*E3","v":{"v":74500,"d":"74,500.00"}}]
["脑内剥离器","21cm 直形 直角弯水滴头φ0.8x3/15D009","把","1x1",4,{"v":2750,"d":"2,750.00"},{"$f":"F4*E4","v":{"v":11000,"d":"11,000.00"}}]
["组织剪","综合剪 20.5cm 弯/02C012","把","1x1",5,{"v":2400,"d":"2,400.00"},{"v":12000,"d":"12,000.00"}]
["静脉拉钩","20cm WD/B0E110","把","1x1",10,{"v":550,"d":"550.00"},{"v":5500,"d":"5,500.00"}]
["持针钳","20cm 镶片0.4/03B004","把","1x1",10,{"v":2750,"d":"2,750.00"},{"v":27500,"d":"27,500.00"}]
["显微镊","23cm 圆环 1.5×0.5 带定位/D25A61","把","1x1",10,{"v":37250,"d":"37,250.00"},{"v":372500,"d":"372,500.00"}]
["显微持针钳","23cm 弯 0.8 有锁/D25A60","把","1x1",3,{"v":37250,"d":"37,250.00"},{"v":111750,"d":"111,750.00"}]
["显微冲洗针","6.5cm 直形 φ4橄榄头/D25A62","把","1x1",10,{"v":2000,"d":"2,000.00"},{"v":20000,"d":"20,000.00"}]
["显微剪","21cm 侧弯 45°刃长10/12D002","把","1x1",3,{"v":18000,"d":"18,000.00"},{"v":54000,"d":"54,000.00"}]
[{"$nulls":4},{"$f":"SUM(E3:E11)","v":57},null,{"$f":"SUM(G3:G11)","v":{"v":688750,"d":"688,750.00"}}]